[Event "T-Director's Swiss sytem"]
[Site "playchess.com #662980"]
[Date "2014.03.16"]
[Round "7"]
[White "Arash Roghani"]
[Black "Noelfumey"]
[Result "1-0"]
[WhiteElo "1933"]
[BlackElo "1503"]
[PlyCount "119"]
[EventDate "2014.03.16"]
[EventType "swiss (blitz)"]

1. d4 {[%emt 0:00:04]} Nf6 {[%emt 0:00:02]} 2. c4 {[%emt 0:00:05]} e5 {[%emt 0:
00:02]} 3. dxe5 {[%emt 0:00:07]} Ne4 {[%emt 0:00:01]} 4. f4 {[%emt 0:00:02]}
Bc5 {[%emt 0:00:10]} 5. e3 {[%emt 0:00:04]} d6 {[%emt 0:00:24]} 6. exd6 {[%emt
0:00:06]} Qh4+ {[%emt 0:00:21]} 7. g3 {[%emt 0:00:03]} Nxg3 {[%emt 0:00:06]} 8.
Nf3 {[%emt 0:00:04]} Qh6 {[%emt 0:00:16]} 9. Rg1 {[%emt 0:00:18]} Ne4 {[%emt 0:
00:14]} 10. Qd5 {[%emt 0:00:05]} Bb4+ {[%emt 0:00:07]} 11. Bd2 {[%emt 0:00:05]}
Bxd2+ {[%emt 0:00:05]} 12. Nbxd2 {[%emt 0:00:04]} Nxd2 {[%emt 0:00:02]} 13.
Nxd2 {[%emt 0:00:15]} cxd6 {[%emt 0:00:17]} 14. Qe4+ {[%emt 0:00:09]} Qe6 {
[%emt 0:00:19]} 15. Qxe6+ {[%emt 0:00:06]} Bxe6 {[%emt 0:00:11]} 16. Rxg7 {
[%emt 0:00:03]} Nc6 {[%emt 0:00:13]} 17. Ne4 {[%emt 0:00:09]} Ke7 {[%emt 0:00:
10]} 18. O-O-O {[%emt 0:00:08]} Rad8 {[%emt 0:00:05]} 19. Ng5 {[%emt 0:00:05]}
h6 {[%emt 0:00:10]} 20. Nxe6 {[%emt 0:00:06]} Kxe6 {[%emt 0:00:03]} 21. c5 {
[%emt 0:00:11]} Kf6 {[%emt 0:00:10]} 22. Rg1 {[%emt 0:00:39]} dxc5 {[%emt 0:00:
07]} 23. Bc4 {[%emt 0:00:05]} Rxd1+ {[%emt 0:00:06]} 24. Rxd1 {[%emt 0:00:03]}
Rd8 {[%emt 0:00:01]} 25. Rxd8 {[%emt 0:00:10]} Nxd8 {[%emt 0:00:04]} 26. e4 {
[%emt 0:00:04]} Ke7 {[%emt 0:00:08]} 27. Kd2 {[%emt 0:00:02]} Nc6 {[%emt 0:00:
10]} 28. Ke3 {[%emt 0:00:06]} Nd4 {[%emt 0:00:08]} 29. e5 {[%emt 0:00:07]} f6 {
[%emt 0:00:03]} 30. Ke4 {[%emt 0:00:05]} h5 {[%emt 0:00:26] Arash Roghani
reconnected.} 31. f5 {[%emt 0:00:40]} h4 {[%emt 0:00:11]} 32. b4 {[%emt 0:00:
30]} fxe5 {[%emt 0:00:20]} 33. bxc5 {[%emt 0:00:09]} Kf6 {[%emt 0:00:07]} 34.
Bd5 {[%emt 0:00:06]} b6 {[%emt 0:00:06]} 35. c6 {[%emt 0:00:02]} Nb5 {[%emt 0:
00:01]} 36. Bc4 {[%emt 0:00:17]} Nc7 {[%emt 0:00:01]} 37. h3 {[%emt 0:00:09]}
b5 {[%emt 0:00:06]} 38. Bd5 {[%emt 0:00:04]} a5 {[%emt 0:00:04]} 39. a3 {[%emt
0:00:02]} b4 {[%emt 0:00:03]} 40. axb4 {[%emt 0:00:01]} axb4 {[%emt 0:00:01]}
41. Bb3 {[%emt 0:00:01]} Nb5 {[%emt 0:00:05]} 42. Bc4 {[%emt 0:00:05]} Nc3+ {
[%emt 0:00:06]} 43. Kd3 {[%emt 0:00:01]} Ke7 {[%emt 0:00:02]} 44. Be6 {[%emt 0:
00:10]} e4+ {[%emt 0:00:04]} 45. Ke3 {[%emt 0:00:05]} Kd8 {[%emt 0:00:01]} 46.
f6 {[%emt 0:00:03]} Nb5 {[%emt 0:00:10]} 47. f7 {[%emt 0:00:06]} Ke7 {[%emt 0:
00:01]} 48. Bb3 {[%emt 0:00:02]} Nd6 {[%emt 0:00:04]} 49. c7 {[%emt 0:00:04]}
Kf8 {[%emt 0:00:04]} 50. Be6 {[%emt 0:00:02]} Ke7 {[%emt 0:00:02]} 51. c8=Q {
[%emt 0:00:05]} Nxc8 {[%emt 0:00:01]} 52. Bxc8 {[%emt 0:00:00]} b3 {[%emt 0:00:
01]} 53. Be6 {[%emt 0:00:03]} b2 {[%emt 0:00:01]} 54. Ba2 {[%emt 0:00:01]} Kf8
{[%emt 0:00:01]} 55. Kxe4 {[%emt 0:00:01]} Ke7 {[%emt 0:00:01]} 56. Kd3 {[%emt
0:00:01]} Kf8 {[%emt 0:00:02]} 57. Kc2 {[%emt 0:00:01]} b1=Q+ {[%emt 0:00:01]}
58. Kxb1 {[%emt 0:00:01]} Ke7 {[%emt 0:00:01]} 59. Kc2 {[%emt 0:00:00]} Kf8 {
[%emt 0:00:01]} 60. Kd3 {[%emt 0:00:01] Noelfumey abandonne} 1-0

[Event "T-Director's Swiss sytem"]
[Site "playchess.com #662980"]
[Date "2014.03.16"]
[Round "8"]
[White "Arash Roghani"]
[Black "TheAngryTiger"]
[Result "1-0"]
[WhiteElo "1935"]
[BlackElo "1631"]
[PlyCount "45"]
[EventDate "2014.03.16"]
[EventType "swiss (blitz)"]

1. d4 {[%emt 0:00:08]} Nf6 {[%emt 0:00:01]} 2. c4 {[%emt 0:00:04]} e6 {[%emt 0:
00:02]} 3. Nf3 {[%emt 0:00:05]} b6 {[%emt 0:00:03]} 4. Nc3 {[%emt 0:00:01]} Bb7
{[%emt 0:00:03]} 5. Bg5 {[%emt 0:00:03]} h6 {[%emt 0:00:02]} 6. Bh4 {[%emt 0:
00:02]} Bb4 {[%emt 0:00:03]} 7. e3 {[%emt 0:00:03]} g5 {[%emt 0:00:02]} 8. Bg3
{[%emt 0:00:02]} Ne4 {[%emt 0:00:01]} 9. Qc2 {[%emt 0:00:10]} d5 {[%emt 0:00:
16]} 10. Bd3 {[%emt 0:00:11]} f5 {[%emt 0:00:12]} 11. Be5 {[%emt 0:00:04]} Rg8
{[%emt 0:00:06]} 12. a3 {[%emt 0:00:08]} Bxc3+ {[%emt 0:00:04]} 13. bxc3 {
[%emt 0:00:00]} g4 {[%emt 0:00:33]} 14. Nd2 {[%emt 0:00:05]} Nd7 {[%emt 0:00:
08]} 15. cxd5 {[%emt 0:00:06]} exd5 {[%emt 0:00:04]} 16. c4 {[%emt 0:00:08]}
Nxe5 {[%emt 0:00:13]} 17. dxe5 {[%emt 0:00:03]} Qd7 {[%emt 0:00:13]} 18. cxd5 {
[%emt 0:00:05]} O-O-O {[%emt 0:00:20]} 19. Nxe4 {[%emt 0:00:12]} fxe4 {[%emt 0:
00:03]} 20. Bxe4 {[%emt 0:00:01]} Bxd5 {[%emt 0:00:18]} 21. O-O-O {[%emt 0:00:
03] Arash Roghani reconnected.} Bxe4 {[%emt 0:00:41]} 22. Qxe4 {[%emt 0:00:03]}
Qb5 {[%emt 0:00:10]} 23. Qa8# {[%emt 0:00:04]} 1-0

[Event "T-Director's Swiss sytem"]
[Site "playchess.com #662980"]
[Date "2014.03.16"]
[Round "4"]
[White "Arminia69"]
[Black "Chessys"]
[Result "0-1"]
[WhiteElo "1735"]
[BlackElo "1536"]
[PlyCount "114"]
[EventDate "2014.03.16"]
[EventType "swiss (blitz)"]

1. e4 {[%emt 0:00:04]} c5 {[%emt 0:00:02]} 2. Nf3 {[%emt 0:00:01]} e6 {[%emt 0:
00:03]} 3. d4 {[%emt 0:00:01]} cxd4 {[%emt 0:00:02]} 4. Nxd4 {[%emt 0:00:00]}
Nc6 {[%emt 0:00:02]} 5. Be3 {[%emt 0:00:01]} Nge7 {[%emt 0:00:10]} 6. c4 {
[%emt 0:00:04]} d5 {[%emt 0:00:11]} 7. cxd5 {[%emt 0:00:19]} exd5 {[%emt 0:00:
02]} 8. exd5 {[%emt 0:00:07]} Nxd4 {[%emt 0:00:19]} 9. Qxd4 {[%emt 0:00:18]}
Qxd5 {[%emt 0:00:04]} 10. Bc4 {[%emt 0:00:38]} Qxd4 {[%emt 0:00:05]} 11. Bxd4 {
[%emt 0:00:01]} Nc6 {[%emt 0:00:04]} 12. Bc3 {[%emt 0:00:04]} Bb4 {[%emt 0:00:
05]} 13. O-O {[%emt 0:00:10]} Bxc3 {[%emt 0:00:03]} 14. Nxc3 {[%emt 0:00:01]}
O-O {[%emt 0:00:02]} 15. Rad1 {[%emt 0:00:32]} Bf5 {[%emt 0:00:15]} 16. Nb5 {
[%emt 0:00:51]} Bg6 {[%emt 0:00:43] Arminia69 reconnected.} 17. f4 {[%emt 0:00:
54]} Bf5 {[%emt 0:00:36]} 18. Nd6 {[%emt 0:00:10]} Be6 {[%emt 0:00:15]} 19.
Bxe6 {[%emt 0:00:09]} fxe6 {[%emt 0:00:02]} 20. Nxb7 {[%emt 0:00:13]} Rab8 {
[%emt 0:00:09]} 21. Rd7 {[%emt 0:00:09]} Rf7 {[%emt 0:00:25]} 22. Rxf7 {[%emt
0:00:02]} Kxf7 {[%emt 0:00:02]} 23. Nd6+ {[%emt 0:00:02]} Ke7 {[%emt 0:00:03]}
24. Nc4 {[%emt 0:00:01]} a5 {[%emt 0:00:12]} 25. a3 {[%emt 0:00:04]} Rd8 {
[%emt 0:00:13]} 26. Rc1 {[%emt 0:00:13]} Nd4 {[%emt 0:00:17]} 27. Kf2 {[%emt 0:
00:06]} Nf5 {[%emt 0:00:12]} 28. Rc2 {[%emt 0:00:07]} Ra8 {[%emt 0:00:16]} 29.
Ne5 {[%emt 0:00:06]} Nd6 {[%emt 0:00:42] '} 30. Rc7+ {[%emt 0:00:04]} Kf8 {
[%emt 0:00:11]} 31. Nd7+ {[%emt 0:00:07]} Ke8 {[%emt 0:00:05]} 32. Ne5 {[%emt
0:00:03]} Ne4+ {[%emt 0:00:02]} 33. Ke3 {[%emt 0:00:06]} Nd6 {[%emt 0:00:01]}
34. Rxg7 {[%emt 0:00:04]} Nf5+ {[%emt 0:00:01]} 35. Ke4 {[%emt 0:00:04]} Nxg7 {
[%emt 0:00:02]} 36. Nc6 {[%emt 0:00:06]} Kd7 {[%emt 0:00:04]} 37. Nd4 {[%emt 0:
00:02]} a4 {[%emt 0:00:03]} 38. g4 {[%emt 0:00:03]} h6 {[%emt 0:00:03]} 39. h4
{[%emt 0:00:01]} Rb8 {[%emt 0:00:02]} 40. f5 {[%emt 0:00:03]} exf5+ {[%emt 0:
00:02]} 41. gxf5 {[%emt 0:00:00]} Rxb2 {[%emt 0:00:03]} 42. Ke5 {[%emt 0:00:01]
} Rd2 {[%emt 0:00:03]} 43. Nb5 {[%emt 0:00:01]} Re2+ {[%emt 0:00:03]} 44. Kf4 {
[%emt 0:00:01]} Ra2 {[%emt 0:00:03]} 45. Nc3 {[%emt 0:00:02]} Rxa3 {[%emt 0:00:
02]} 46. Nd5 {[%emt 0:00:01]} Rd3 {[%emt 0:00:02]} 47. Nf6+ {[%emt 0:00:02]}
Ke7 {[%emt 0:00:03]} 48. Ke4 {[%emt 0:00:02]} Rh3 {[%emt 0:00:02]} 49. Nd5+ {
[%emt 0:00:01]} Kd7 {[%emt 0:00:03]} 50. Nb6+ {[%emt 0:00:02]} Kc6 {[%emt 0:00:
02]} 51. Nc4 {[%emt 0:00:01]} a3 {[%emt 0:00:02]} 52. Nxa3 {[%emt 0:00:02]}
Rxa3 {[%emt 0:00:01]} 53. Ke5 {[%emt 0:00:00]} Rh3 {[%emt 0:00:01]} 54. Kf6 {
[%emt 0:00:01]} Nxf5 {[%emt 0:00:01]} 55. Kxf5 {[%emt 0:00:01]} Rxh4 {[%emt 0:
00:01]} 56. Kg6 {[%emt 0:00:01]} Rh1 {[%emt 0:00:01]} 57. Kf5 {[%emt 0:00:01]}
Kd5 {[%emt 0:00:01] Arminia69 gibt auf} 0-1

[Event "T-Director's Swiss sytem"]
[Site "playchess.com #662980"]
[Date "2014.03.16"]
[Round "2"]
[White "Arminia69"]
[Black "Kpakpa"]
[Result "1-0"]
[WhiteElo "1735"]
[BlackElo "1394"]
[PlyCount "41"]
[EventDate "2014.03.16"]
[EventType "swiss (blitz)"]

1. e4 {[%emt 0:00:07]} e5 {[%emt 0:00:03]} 2. Nf3 {[%emt 0:00:03]} d6 {[%emt 0:
00:01]} 3. d4 {[%emt 0:00:01]} Bg4 {[%emt 0:00:04]} 4. Be2 {[%emt 0:00:03]}
exd4 {[%emt 0:00:05]} 5. Nxd4 {[%emt 0:00:02]} Bxe2 {[%emt 0:00:06]} 6. Qxe2 {
[%emt 0:00:01]} Nf6 {[%emt 0:00:02]} 7. Nc3 {[%emt 0:00:03]} Be7 {[%emt 0:00:
02]} 8. O-O {[%emt 0:00:02]} O-O {[%emt 0:00:02]} 9. Be3 {[%emt 0:00:12]} Re8 {
[%emt 0:00:04]} 10. f4 {[%emt 0:00:13]} Bf8 {[%emt 0:00:09]} 11. Qd3 {[%emt 0:
00:07]} Nbd7 {[%emt 0:00:25]} 12. Rae1 {[%emt 0:00:05]} c6 {[%emt 0:00:10]} 13.
Nf5 {[%emt 0:00:32]} Qc7 {[%emt 0:00:15]} 14. Kh1 {[%emt 0:00:17]} Rad8 {[%emt
0:00:18]} 15. a4 {[%emt 0:00:29]} b6 {[%emt 0:00:12]} 16. Qc4 {[%emt 0:00:22]}
Ng4 {[%emt 0:00:30]} 17. Bg1 {[%emt 0:00:05]} g6 {[%emt 0:00:21]} 18. Nd4 {
[%emt 0:00:10]} Nc5 {[%emt 0:00:15]} 19. b4 {[%emt 0:00:17]} b5 {[%emt 0:00:49]
} 20. axb5 {[%emt 0:00:08]} cxb5 {[%emt 0:00:31]} 21. Ndxb5 {[%emt 0:00:23]
Kpakpa abandonne} 1-0

[Event "T-Director's Swiss sytem"]
[Site "playchess.com #662980"]
[Date "2014.03.16"]
[Round "1"]
[White "Arminia69"]
[Black "Mr bh6"]
[Result "0-1"]
[WhiteElo "1735"]
[BlackElo "2680"]
[PlyCount "76"]
[EventDate "2014.03.16"]
[EventType "swiss (blitz)"]

1. e4 {[%emt 0:00:03]} e5 {[%emt 0:00:09]} 2. Nf3 {[%emt 0:00:03]} Nc6 {[%emt
0:00:00]} 3. d4 {[%emt 0:00:02]} exd4 {[%emt 0:00:00]} 4. Nxd4 {[%emt 0:00:01]}
Nf6 {[%emt 0:00:00]} 5. Nc3 {[%emt 0:00:09]} Bb4 {[%emt 0:00:02]} 6. Nxc6 {
[%emt 0:00:08]} bxc6 {[%emt 0:00:00]} 7. Bd3 {[%emt 0:00:03]} O-O {[%emt 0:00:
07]} 8. O-O {[%emt 0:00:07]} d5 {[%emt 0:00:35]} 9. Bd2 {[%emt 0:01:08]} Bxc3 {
[%emt 0:00:05]} 10. Bxc3 {[%emt 0:00:02]} Nxe4 {[%emt 0:00:01]} 11. Bxe4 {
[%emt 0:00:02]} dxe4 {[%emt 0:00:00]} 12. Qe2 {[%emt 0:00:06]} f5 {[%emt 0:00:
07]} 13. Qc4+ {[%emt 0:00:07]} Qd5 {[%emt 0:00:02]} 14. Qb3 {[%emt 0:00:05]}
Be6 {[%emt 0:00:13]} 15. Rfd1 {[%emt 0:00:06]} Qxd1+ {[%emt 0:00:04]} 16. Rxd1
{[%emt 0:00:06]} Bxb3 {[%emt 0:00:00]} 17. axb3 {[%emt 0:00:00]} Rfd8 {[%emt 0:
00:03]} 18. Re1 {[%emt 0:00:05]} g6 {[%emt 0:00:03]} 19. f3 {[%emt 0:00:01]}
Re8 {[%emt 0:00:02]} 20. fxe4 {[%emt 0:00:01]} Rxe4 {[%emt 0:00:00]} 21. Rxe4 {
[%emt 0:00:05]} fxe4 {[%emt 0:00:00]} 22. Kf2 {[%emt 0:00:00]} Re8 {[%emt 0:00:
05]} 23. Ke3 {[%emt 0:00:01]} Kf7 {[%emt 0:00:00]} 24. Bd4 {[%emt 0:00:03]} a6
{[%emt 0:00:07]} 25. b4 {[%emt 0:00:07]} g5 {[%emt 0:00:02]} 26. g4 {[%emt 0:
00:11]} Re6 {[%emt 0:00:08]} 27. Bc3 {[%emt 0:00:08]} Ke7 {[%emt 0:00:03]} 28.
Bd4 {[%emt 0:00:01]} Kd6 {[%emt 0:00:01]} 29. c4 {[%emt 0:00:07]} Ke7 {[%emt 0:
00:13]} 30. Bc3 {[%emt 0:00:04]} Kd7 {[%emt 0:00:01]} 31. Bd4 {[%emt 0:00:01]}
Kd6 {[%emt 0:00:00]} 32. Bc3 {[%emt 0:00:01]} c5 {[%emt 0:00:04]} 33. Be1 {
[%emt 0:00:09]} cxb4 {[%emt 0:00:11]} 34. Bxb4+ {[%emt 0:00:02]} c5 {[%emt 0:
00:00]} 35. Be1 {[%emt 0:00:02]} Kc6 {[%emt 0:00:06]} 36. Bg3 {[%emt 0:00:02]}
Kb6 {[%emt 0:00:03]} 37. Bb8 {[%emt 0:00:06]} Ka5 {[%emt 0:00:05]} 38. Bg3 {
[%emt 0:00:20]} Kb4 {[%emt 0:00:03] Arminia69 gibt auf} 0-1

[Event "T-Director's Swiss sytem"]
[Site "playchess.com #662980"]
[Date "2014.03.16"]
[Round "1"]
[White "BDGfan"]
[Black "Khennous8"]
[Result "0-1"]
[WhiteElo "1162"]
[BlackElo "1911"]
[PlyCount "36"]
[EventDate "2014.03.16"]
[EventType "swiss (blitz)"]

1. d4 {[%emt 0:00:01]} Nf6 {[%emt 0:00:02]} 2. f3 {[%emt 0:00:02]} d5 {[%emt 0:
00:05]} 3. e4 {[%emt 0:00:01]} dxe4 {[%emt 0:00:01]} 4. Nc3 {[%emt 0:00:03]}
exf3 {[%emt 0:00:05]} 5. Nxf3 {[%emt 0:00:02]} g6 {[%emt 0:00:02]} 6. Bg5 {
[%emt 0:00:04]} Bg7 {[%emt 0:00:01]} 7. Qd2 {[%emt 0:00:02]} Nc6 {[%emt 0:00:
05]} 8. d5 {[%emt 0:00:09]} Nb4 {[%emt 0:00:02]} 9. O-O-O {[%emt 0:00:03]} O-O
{[%emt 0:00:06]} 10. Bc4 {[%emt 0:00:03]} Bf5 {[%emt 0:00:08]} 11. Bd3 {[%emt
0:00:18]} Nxd3+ {[%emt 0:00:05]} 12. cxd3 {[%emt 0:00:02]} Nxd5 {[%emt 0:00:02]
} 13. Nxd5 {[%emt 0:00:10]} Qxd5 {[%emt 0:00:02]} 14. d4 {[%emt 0:00:15]} Qxa2
{[%emt 0:00:03]} 15. Qc3 {[%emt 0:00:29]} c5 {[%emt 0:00:07]} 16. Qa3 {[%emt 0:
00:15]} Qc4+ {[%emt 0:00:10]} 17. Qc3 {[%emt 0:00:07]} Qa4 {[%emt 0:00:02]} 18.
Qxc5 {[%emt 0:00:13]} Rac8 {[%emt 0:00:05] BDGfan gibt auf} 0-1

[Event "T-Director's Swiss sytem"]
[Site "playchess.com #662980"]
[Date "2014.03.16"]
[Round "5"]
[White "Behraouid"]
[Black "Handichess"]
[Result "0-1"]
[WhiteElo "1501"]
[BlackElo "1622"]
[PlyCount "84"]
[EventDate "2014.03.16"]
[EventType "swiss (blitz)"]

1. d4 {[%emt 0:00:03]} Nf6 {[%emt 0:00:04]} 2. Nc3 {[%emt 0:00:02]} e6 {[%emt
0:00:01]} 3. Be3 {[%emt 0:00:02]} Bb4 {[%emt 0:00:18]} 4. Bf4 {[%emt 0:00:03]}
O-O {[%emt 0:00:12]} 5. f3 {[%emt 0:00:04]} Nc6 {[%emt 0:00:15]} 6. e3 {[%emt
0:00:04]} Nd5 {[%emt 0:00:06]} 7. Nge2 {[%emt 0:00:06]} g5 {[%emt 0:00:17]} 8.
Bg3 {[%emt 0:00:05]} Nxe3 {[%emt 0:00:04]} 9. Qd3 {[%emt 0:00:07]} Nd5 {[%emt
0:00:32]} 10. h4 {[%emt 0:00:06]} a6 {[%emt 0:00:17]} 11. hxg5 {[%emt 0:00:02]}
Qxg5 {[%emt 0:00:03]} 12. Qf5 {[%emt 0:00:02]} exf5 {[%emt 0:00:18]} 13. f4 {
[%emt 0:00:07]} Bxc3+ {[%emt 0:00:08]} 14. bxc3 {[%emt 0:00:03]} Qg4 {[%emt 0:
00:11]} 15. Rh4 {[%emt 0:00:09]} Qg7 {[%emt 0:00:09]} 16. a3 {[%emt 0:00:07]}
Nxc3 {[%emt 0:00:02]} 17. Bf2 {[%emt 0:00:11]} Nxe2 {[%emt 0:00:06]} 18. Bxe2 {
[%emt 0:00:01]} d5 {[%emt 0:00:10]} 19. c3 {[%emt 0:00:04]} Bd7 {[%emt 0:00:03]
} 20. Kd2 {[%emt 0:00:01]} Rfe8 {[%emt 0:00:11]} 21. Rah1 {[%emt 0:00:06]} Re6
{[%emt 0:00:08]} 22. R1h3 {[%emt 0:00:04]} Rg6 {[%emt 0:00:11]} 23. g4 {[%emt
0:00:24]} fxg4 {[%emt 0:00:09]} 24. Rg3 {[%emt 0:00:04]} Na5 {[%emt 0:00:10]}
25. Bd3 {[%emt 0:00:02]} Rh6 {[%emt 0:00:16]} 26. Rxh6 {[%emt 0:00:20]} Qxh6 {
[%emt 0:00:05]} 27. Be3 {[%emt 0:00:02]} f5 {[%emt 0:00:06]} 28. Rg2 {[%emt 0:
00:21]} Qh3 {[%emt 0:00:11]} 29. Re2 {[%emt 0:00:02]} Nc4+ {[%emt 0:00:05]} 30.
Bxc4 {[%emt 0:00:02]} dxc4 {[%emt 0:00:03]} 31. d5 {[%emt 0:00:03]} Qf3 {[%emt
0:00:10]} 32. Rf2 {[%emt 0:00:02]} Qxd5+ {[%emt 0:00:02]} 33. Kc2 {[%emt 0:00:
01]} Qd3+ {[%emt 0:00:03]} 34. Kb2 {[%emt 0:00:05]} Qxe3 {[%emt 0:00:01]} 35.
Rc2 {[%emt 0:00:01]} Ba4 {[%emt 0:00:04]} 36. Rc1 {[%emt 0:00:02]} Rd8 {[%emt
0:00:03]} 37. Kb1 {[%emt 0:00:07]} Qd2 {[%emt 0:00:06]} 38. Rg1 {[%emt 0:00:15]
} Rd3 {[%emt 0:00:03]} 39. Ka1 {[%emt 0:00:16]} Rxc3 {[%emt 0:00:07]} 40. Rg3 {
[%emt 0:00:16]} Rc2 {[%emt 0:00:03]} 41. Rb3 {[%emt 0:00:16]} Bxb3 {[%emt 0:00:
08]} 42. a4 {[%emt 0:00:03]} Qc1# {[%emt 0:00:02]} 0-1

[Event "T-Director's Swiss sytem"]
[Site "playchess.com #662980"]
[Date "2014.03.16"]
[Round "5"]
[White "Bekakv"]
[Black "FMGracz"]
[Result "1-0"]
[WhiteElo "2067"]
[BlackElo "2170"]
[PlyCount "83"]
[EventDate "2014.03.16"]
[EventType "swiss (blitz)"]

1. d4 {[%emt 0:00:03]} d5 {[%emt 0:00:02]} 2. Nf3 {[%emt 0:00:01]} Nf6 {[%emt
0:00:05]} 3. c4 {[%emt 0:00:05]} dxc4 {[%emt 0:00:03]} 4. Nc3 {[%emt 0:00:02]}
a6 {[%emt 0:00:01]} 5. e4 {[%emt 0:00:01]} b5 {[%emt 0:00:03]} 6. e5 {[%emt 0:
00:02]} Nd5 {[%emt 0:00:02]} 7. a4 {[%emt 0:00:01]} Bb7 {[%emt 0:00:05]} 8. e6
{[%emt 0:00:05]} f6 {[%emt 0:00:02]} 9. g3 {[%emt 0:00:20]} Qd6 {[%emt 0:00:26]
} 10. Qe2 {[%emt 0:00:05]} Nc6 {[%emt 0:00:03]} 11. axb5 {[%emt 0:00:12]} axb5
{[%emt 0:00:10]} 12. Rxa8+ {[%emt 0:00:03]} Bxa8 {[%emt 0:00:01]} 13. Nxb5 {
[%emt 0:00:03]} Qb4+ {[%emt 0:00:02]} 14. Nc3 {[%emt 0:00:03]} Nxc3 {[%emt 0:
00:01]} 15. bxc3 {[%emt 0:00:01]} Qxc3+ {[%emt 0:00:01]} 16. Bd2 {[%emt 0:00:
14]} Qa1+ {[%emt 0:00:07]} 17. Qd1 {[%emt 0:00:03]} Qxd1+ {[%emt 0:00:14]} 18.
Kxd1 {[%emt 0:00:02]} Nxd4 {[%emt 0:00:01]} 19. Nxd4 {[%emt 0:00:01]} Bxh1 {
[%emt 0:00:02]} 20. Bxc4 {[%emt 0:00:06]} Bb7 {[%emt 0:00:32]} 21. Bb5+ {[%emt
0:00:18]} Kd8 {[%emt 0:00:02]} 22. Ba5 {[%emt 0:00:09]} h5 {[%emt 0:00:15]} 23.
Bd7 {[%emt 0:00:07]} Bd5 {[%emt 0:00:25]} 24. Nb5 {[%emt 0:00:11]} Bxe6 {[%emt
0:00:03]} 25. Bxe6 {[%emt 0:00:03]} h4 {[%emt 0:00:02]} 26. g4 {[%emt 0:00:29]}
g6 {[%emt 0:00:07]} 27. Nxc7 {[%emt 0:00:10]} Bh6 {[%emt 0:00:13]} 28. f4 {
[%emt 0:00:10]} h3 {[%emt 0:00:16]} 29. Ke2 {[%emt 0:00:05]} f5 {[%emt 0:00:23]
} 30. Nd5+ {[%emt 0:00:03]} Ke8 {[%emt 0:00:07]} 31. g5 {[%emt 0:00:12]} Bg7 {
[%emt 0:00:02]} 32. Kf3 {[%emt 0:00:09]} Bd4 {[%emt 0:00:03]} 33. Kg3 {[%emt 0:
00:04]} Kf8 {[%emt 0:00:10]} 34. Bb4 {[%emt 0:00:08]} Kg7 {[%emt 0:00:10]} 35.
Bxe7 {[%emt 0:00:08]} Rb8 {[%emt 0:00:10]} 36. Kxh3 {[%emt 0:00:11]} Rb3+ {
[%emt 0:00:05]} 37. Kg2 {[%emt 0:00:02]} Rb2+ {[%emt 0:00:05]} 38. Kg3 {[%emt
0:00:03]} Bf2+ {[%emt 0:00:16]} 39. Kf3 {[%emt 0:00:01]} Kh7 {[%emt 0:00:06]}
40. Bf6 {[%emt 0:00:19]} Rd2 {[%emt 0:00:08]} 41. Ne7 {[%emt 0:00:03]} Bg1 {
[%emt 0:00:14]} 42. Bg8# {[%emt 0:00:04]} 1-0

[Event "T-Director's Swiss sytem"]
[Site "playchess.com #662980"]
[Date "2014.03.16"]
[Round "6"]
[White "Bekakv"]
[Black "Jorden"]
[Result "1-0"]
[WhiteElo "2159"]
[BlackElo "2508"]
[PlyCount "91"]
[EventDate "2014.03.16"]
[EventType "swiss (blitz)"]

1. d4 {[%emt 0:00:03]} d5 {[%emt 0:00:01]} 2. Nf3 {[%emt 0:00:01]} c6 {[%emt 0:
00:00]} 3. c4 {[%emt 0:00:01]} Nf6 {[%emt 0:00:00]} 4. cxd5 {[%emt 0:00:01]}
cxd5 {[%emt 0:00:00]} 5. Nc3 {[%emt 0:00:01]} Nc6 {[%emt 0:00:00]} 6. Bf4 {
[%emt 0:00:01]} e6 {[%emt 0:00:03]} 7. e3 {[%emt 0:00:01]} a6 {[%emt 0:00:01]}
8. Bd3 {[%emt 0:00:02]} Be7 {[%emt 0:00:03]} 9. h3 {[%emt 0:00:01]} O-O {[%emt
0:00:00]} 10. O-O {[%emt 0:00:01]} Bd7 {[%emt 0:00:05]} 11. Rc1 {[%emt 0:00:03]
} Rc8 {[%emt 0:00:01]} 12. Na4 {[%emt 0:00:17]} Ne4 {[%emt 0:00:14]} 13. Nc5 {
[%emt 0:00:20]} Nxc5 {[%emt 0:00:03]} 14. dxc5 {[%emt 0:00:03]} Bf6 {[%emt 0:
00:01]} 15. Bd6 {[%emt 0:00:12]} Be7 {[%emt 0:00:08]} 16. Bg3 {[%emt 0:00:07]}
Nb4 {[%emt 0:00:14]} 17. Bb1 {[%emt 0:00:09]} Bb5 {[%emt 0:00:09]} 18. Re1 {
[%emt 0:00:02]} Bf6 {[%emt 0:00:22]} 19. a3 {[%emt 0:00:23]} Nc6 {[%emt 0:01:
14]} 20. a4 {[%emt 0:00:04]} Bc4 {[%emt 0:00:00]} 21. b3 {[%emt 0:00:03]} Bb2 {
[%emt 0:00:01]} 22. Qc2 {[%emt 0:00:11]} Bd3 {[%emt 0:00:11]} 23. Qxb2 {[%emt
0:00:11]} Bxb1 {[%emt 0:00:01]} 24. Qxb1 {[%emt 0:00:01]} Re8 {[%emt 0:00:02]}
25. Ne5 {[%emt 0:00:15]} Ne7 {[%emt 0:00:06]} 26. b4 {[%emt 0:00:06]} Nf5 {
[%emt 0:00:01]} 27. Bh2 {[%emt 0:00:03]} Qg5 {[%emt 0:00:01]} 28. Bf4 {[%emt 0:
00:17]} Qh5 {[%emt 0:00:03]} 29. g4 {[%emt 0:00:07]} Qxh3 {[%emt 0:00:01]} 30.
gxf5 {[%emt 0:00:01]} exf5 {[%emt 0:00:01]} 31. Qd3 {[%emt 0:00:17]} Re6 {
[%emt 0:00:03]} 32. Qxd5 {[%emt 0:00:17]} g5 {[%emt 0:00:27]} 33. Qg2 {[%emt 0:
00:06]} Qxg2+ {[%emt 0:00:12]} 34. Kxg2 {[%emt 0:00:02]} gxf4 {[%emt 0:00:00]}
35. exf4 {[%emt 0:00:01]} a5 {[%emt 0:00:03]} 36. b5 {[%emt 0:00:03]} f6 {
[%emt 0:00:01]} 37. Nd7 {[%emt 0:00:06]} Rxe1 {[%emt 0:00:03]} 38. Rxe1 {[%emt
0:00:02]} Rc7 {[%emt 0:00:01]} 39. Re7 {[%emt 0:00:27]} Kh8 {[%emt 0:00:01]}
40. Kh3 {[%emt 0:00:12]} h5 {[%emt 0:00:02]} 41. Kh4 {[%emt 0:00:02]} b6 {
[%emt 0:00:03]} 42. cxb6 {[%emt 0:00:05]} Rc1 {[%emt 0:00:05]} 43. b7 {[%emt 0:
00:03]} Rh1+ {[%emt 0:00:02]} 44. Kg3 {[%emt 0:00:01]} Rg1+ {[%emt 0:00:00]}
45. Kf3 {[%emt 0:00:03]} Rg8 {[%emt 0:00:00]} 46. b8=Q {[%emt 0:00:02] Jorden
resigns} 1-0